[Event "SK Bocholt 1 - SC Rochade Emsdetten 1"]
[Site "Regionalliga Münsterland 2018"]
[Date "2018.09.29"]
[Round "2.5"]
[White "Hiller, Simon"]
[Black "Hunhoff, Andreas"]
[Result "1-0"]
[WhiteElo "2139"]
[BlackElo "1793"]
[PlyCount "65"]
[EventDate "2018.??.??"]
[SourceDate "2018.09.09"]

1. Nf3 e6 2. c4 f5 3. g3 Nf6 4. Bg2 Be7 5. d4 c6 6. O-O O-O 7. b3 d5 8. Ba3 Ne4
9. Bxe7 Qxe7 10. Qc2 Nd7 11. Nbd2 b6 12. Rac1 Ba6 13. Rfd1 Rac8 14. Qb2 Bb7 15.
b4 Nxd2 16. Rxd2 Rfe8 17. Rdc2 Qf6 18. Qb3 Ba6 19. Nd2 Qxd4 20. e3 Qe5 21. cxd5
cxd5 22. Qa4 Rxc2 23. Rxc2 Qa1+ 24. Nf1 Bxf1 25. Bxf1 Nf6 26. Qxa7 Qe5 27. Qxb6
Rb8 28. Qc5 Ne4 29. Qe7 h6 30. f4 Qf6 31. Qxf6 gxf6 32. b5 e5 33. a4 1-0

[Event "SK Bocholt 1 - SC Rochade Emsdetten 1"]
[Site "Regionalliga Münsterland 2018"]
[Date "2018.09.29"]
[Round "2.6"]
[White "Burike, Christian"]
[Black "Lemli, Thomas"]
[Result "1/2-1/2"]
[WhiteElo "1677"]
[BlackElo "1979"]
[PlyCount "75"]
[EventDate "2018.??.??"]
[SourceDate "2018.09.09"]

1. d4 d5 2. Nf3 Nf6 3. e3 Bg4 4. c4 c6 5. Be2 e6 6. O-O Nbd7 7. Nc3 Bd6 8. c5
Bc7 9. b4 a6 10. Bb2 O-O 11. a4 Ne4 12. Nxe4 dxe4 13. Ne5 Bxe2 14. Qxe2 Nxe5
15. dxe5 Qg5 16. Rfd1 Rfd8 17. Rxd8+ Rxd8 18. Rd1 g6 19. h3 Rd5 20. Rxd5 exd5
21. b5 axb5 22. axb5 Bxe5 23. bxc6 bxc6 24. Bxe5 Qxe5 25. Qa6 Qf6 26. Qa4 Kg7
27. Qa8 h5 28. Qa6 h4 29. Qa8 g5 30. Qc8 Qe6 31. Qd8 Qe5 32. Qd7 Qa1+ 33. Kh2
Qe5+ 34. Kg1 Qa1+ 35. Kh2 Qf6 36. Kg1 Kh6 37. Qc8 Kh7 38. Qd7 1/2-1/2

[Event "SK Bocholt 1 - SC Rochade Emsdetten 1"]
[Site "Regionalliga Münsterland 2018"]
[Date "2018.09.29"]
[Round "2.7"]
[White "Wissing, Philipp"]
[Black "Gajic, Goran"]
[Result "1/2-1/2"]
[WhiteElo "1775"]
[BlackElo "1933"]
[PlyCount "116"]
[EventDate "2018.??.??"]
[SourceDate "2018.09.09"]

1. b3 e5 2. Bb2 Nc6 3. e3 Nf6 4. c4 d6 5. Ne2 Bg4 6. h3 Be6 7. d4 exd4 8. Nxd4
Nxd4 9. Bxd4 c5 10. Bb2 Be7 11. Nc3 Qa5 12. Qd2 Rd8 13. Ne4 Qxd2+ 14. Nxd2 O-O
15. Be2 d5 16. O-O-O a6 17. f3 Nh5 18. cxd5 Bxd5 19. Bc4 b5 20. Bxd5 Rxd5 21.
Ne4 Rxd1+ 22. Rxd1 f5 23. Nc3 Rd8 24. Nd5 Bd6 25. g4 fxg4 26. hxg4 Ng3 27. Nf4
Kf7 28. Be5 Be7 29. Rxd8 Bxd8 30. Kd2 c4 31. bxc4 bxc4 32. Bc3 g5 33. Nd5 h5
34. gxh5 Nxh5 35. Nb4 Bb6 36. Nxa6 Ng3 37. Bd4 Ba5+ 38. Bc3 Bb6 39. Bd4 Ba5+
40. Kc2 Nf5 41. Nc5 Ke7 42. Ne4 Nxd4+ 43. exd4 Ke6 44. Nxg5+ Kd5 45. Ne4 Kxd4
46. Nd2 Bc7 47. a4 c3 48. Nb3+ Ke3 49. Kxc3 Kxf3 50. Kc4 Kf4 51. Nd2 Kf5 52.
Kd5 Kf6 53. Kc6 Ba5 54. Nc4 Be1 55. Nb6 Ke7 56. Nd5+ Kd8 57. Kb5 Kc8 58. Nb4
Bxb4 1/2-1/2

[Event "SK Bocholt 1 - SC Rochade Emsdetten 1"]
[Site "Regionalliga Münsterland 2018"]
[Date "2018.09.29"]
[Round "2.8"]
[White "Böing, Frank"]
[Black "Bahr, Maximilian"]
[Result "1/2-1/2"]
[WhiteElo "1822"]
[BlackElo "1698"]
[PlyCount "33"]
[EventDate "2018.??.??"]
[SourceDate "2018.09.09"]

1. d4 d5 2. Nf3 e6 3. a3 c5 4. c3 Nc6 5. Nbd2 Nf6 6. g3 Bd6 7. Bg2 O-O 8. O-O
b6 9. Re1 Bb7 10. Qa4 Ne7 11. Nf1 Bc6 12. Qb3 Qc7 13. Be3 Rab8 14. Rac1 Nf5 15.
Qc2 Ng4 16. Bd2 Bb5 17. Bh3 1/2-1/2

[Event "SK Münster 2 - SG Ahaus-Wessum 1"]
[Site "Regionalliga Münsterland 2018"]
[Date "2018.09.29"]
[Round "2.1"]
[White "Wensing, Maximilian"]
[Black "Wieder, Heiner"]
[Result "1-0"]
[WhiteElo "1979"]
[BlackElo "2089"]
[PlyCount "97"]
[EventDate "2018.??.??"]
[SourceDate "2018.09.09"]

1. e4 c5 2. Nf3 d6 3. d4 cxd4 4. Nxd4 Nf6 5. Nc3 a6 6. h3 e5 7. Nde2 Be7 8. g4
b5 9. g5 Nfd7 10. Nd5 Bb7 11. Nec3 Nb6 12. Nxb6 Qxb6 13. Be3 Qa5 14. Qd2 b4 15.
Nd5 Bxd5 16. Qxd5 Qxd5 17. exd5 O-O 18. a3 bxa3 19. Rxa3 Rc8 20. Kd2 Nd7 21.
Rxa6 Nc5 22. Rxa8 Rxa8 23. Bd3 Rb8 24. b3 g6 25. Ra1 Rb7 26. Ra8+ Kg7 27. f4
exf4 28. Bxf4 Rb4 29. Bc4 Bxg5 30. Bxg5 Ne4+ 31. Ke3 Nxg5 32. h4 Nh3 33. Kf3 g5
34. Kg3 Nf4 35. hxg5 Ng6 36. Ra6 Ne5 37. Rxd6 Nxc4 38. bxc4 Rxc4 39. Rc6 Rd4
40. c4 Kf8 41. d6 Ke8 42. c5 Kd7 43. Rc7+ Ke6 44. Re7+ Kd5 45. Rxf7 Kxc5 46. d7
Kc6 47. Rxh7 Kc7 48. g6 Rd6 49. Rg7 1-0

[Event "SK Münster 2 - SG Ahaus-Wessum 1"]
[Site "Regionalliga Münsterland 2018"]
[Date "2018.09.29"]
[Round "2.2"]
[White "Baumann, Stephan"]
[Black "Schulze Ameling, Hendrik"]
[Result "0-1"]
[WhiteElo "2034"]
[BlackElo "1983"]
[PlyCount "82"]
[EventDate "2018.??.??"]
[SourceDate "2018.09.09"]

1. e4 e6 2. b3 b6 3. Bb2 Bb7 4. Nc3 d6 5. Nf3 Nf6 6. d3 Nbd7 7. Be2 h6 8. O-O
g5 9. h3 Rg8 10. Nh2 Qe7 11. a4 a5 12. Nb5 Kd8 13. f4 gxf4 14. Rxf4 Bg7 15. Qf1
c6 16. Na3 Nxe4 17. Bxg7 Ng3 18. Qf2 Rxg7 19. Bg4 Nf5 20. Bxf5 exf5 21. Re1 Ne5
22. Qxb6+ Kc8 23. Rf2 f4 24. d4 Ra6 25. Qxa6 Bxa6 26. dxe5 dxe5 27. Nb1 e4 28.
Nc3 f5 29. Ne2 f3 30. Nd4 Rxg2+ 31. Rxg2 fxg2 32. Nxf5 Qb4 33. Rxe4 Qd2 34. Ne3
c5 35. c4 Qc1+ 36. Kxg2 Bb7 37. Nd5 Bxd5 38. cxd5 Qc2+ 39. Kf3 Qxh2 40. Rc4
Qxh3+ 41. Ke4 Qxb3 0-1

[Event "SK Münster 2 - SG Ahaus-Wessum 1"]
[Site "Regionalliga Münsterland 2018"]
[Date "2018.09.29"]
[Round "2.3"]
[White "Rosing, Hermann"]
[Black "Müschenich, Stefan"]
[Result "1/2-1/2"]
[WhiteElo "1991"]
[BlackElo "2077"]
[PlyCount "114"]
[EventDate "2018.??.??"]
[SourceDate "2018.09.09"]

1. e4 Nf6 2. e5 Nd5 3. d4 d6 4. Nf3 Bg4 5. exd6 exd6 6. Be2 Be7 7. O-O Nc6 8.
Nc3 Nb6 9. Be3 O-O 10. h3 Bh5 11. a3 d5 12. b3 Bf6 13. Qd2 Re8 14. Nh2 Bxe2 15.
Nxe2 g6 16. Ng4 Bg7 17. Rfe1 h5 18. Nh2 Nc8 19. Rad1 Nd6 20. Nf3 Ne4 21. Qc1
Qd7 22. c4 Rad8 23. c5 Na5 24. Qc2 Qb5 25. Nc1 b6 26. Nd2 bxc5 27. Nxe4 Rxe4
28. dxc5 Qe8 29. Bd2 Nc6 30. Bc3 Bxc3 31. Qxc3 d4 32. Qd2 Qe6 33. Rxe4 Qxe4 34.
Nd3 Qd5 35. Qc2 a5 36. b4 axb4 37. axb4 Ra8 38. Rb1 Ra2 39. Qb3 Qxb3 40. Rxb3
Ra1+ 41. Kh2 Rd1 42. b5 Na5 43. b6 cxb6 44. cxb6 Nxb3 45. b7 Rxd3 46. b8=Q+ Kg7
47. g4 hxg4 48. hxg4 Rc3 49. Kg2 Kf6 50. f4 Re3 51. Qd6+ Kg7 52. Kf2 Re6 53.
Qd5 Re3 54. g5 Rc3 55. Qd8 Re3 56. Qf6+ Kg8 57. Qd8+ Kg7 1/2-1/2

[Event "SK Münster 2 - SG Ahaus-Wessum 1"]
[Site "Regionalliga Münsterland 2018"]
[Date "2018.09.29"]
[Round "2.4"]
[White "Seegers, Hendrik"]
[Black "Diehlmann, Christian"]
[Result "1-0"]
[WhiteElo "2088"]
[BlackElo "1929"]
[PlyCount "89"]
[EventDate "2018.??.??"]
[SourceDate "2018.09.09"]

1. d4 Nf6 2. Nf3 d5 3. Bf4 e6 4. e3 Bd6 5. Bd3 O-O 6. O-O Bxf4 7. exf4 c5 8. c3
cxd4 9. Nxd4 Nc6 10. Nd2 Qd6 11. g3 e5 12. Nxc6 bxc6 13. Nc4 Qb8 14. Nxe5 Qxb2
15. Qb3 Qxb3 16. axb3 Bh3 17. Rfb1 Rfc8 18. Ra6 Nd7 19. Nxd7 Bxd7 20. Rba1 Rc7
21. b4 g6 22. Kg2 Kg7 23. Kf3 h5 24. Ke3 c5 25. bxc5 Rxc5 26. Rxa7 Rxa7 27.
Rxa7 Be6 28. Kd4 Rc6 29. Bb5 Rc8 30. Ra6 h4 31. Bc6 Kh6 32. Kc5 Kh5 33. Ra8 Rc7
34. Kd6 Rxc6+ 35. Kxc6 Kg4 36. Kd6 Kf3 37. gxh4 Kxf4 38. Re8 Kf5 39. Re7 Kf6
40. Ra7 Kf5 41. Ra4 Kf6 42. Rf4+ Kg7 43. Ke7 Kg8 44. Rf6 Kg7 45. Rxe6 1-0

[Event "SK Münster 2 - SG Ahaus-Wessum 1"]
[Site "Regionalliga Münsterland 2018"]
[Date "2018.09.29"]
[Round "2.5"]
[White "Winking, Hendrik"]
[Black "Kaufhold, Thomas"]
[Result "1-0"]
[WhiteElo "1927"]
[BlackElo "2040"]
[PlyCount "119"]
[EventDate "2018.??.??"]
[SourceDate "2018.09.09"]

1. d4 Nf6 2. c4 g6 3. Nc3 Bg7 4. g3 O-O 5. Bg2 d6 6. Nf3 Nbd7 7. O-O c6 8. Bg5
h6 9. Bf4 Qb6 10. Rb1 Re8 11. a3 e5 12. c5 dxc5 13. dxe5 Ng4 14. e6 Nde5 15. h3
Nxf3+ 16. Bxf3 Ne5 17. Bxe5 Bxe5 18. exf7+ Kxf7 19. Kg2 Bf5 20. e4 Be6 21. Qc1
Qc7 22. Nd1 Bd4 23. Ne3 Rad8 24. h4 h5 25. b3 Kg7 26. Re1 Qf7 27. Bd1 Bc8 28.
Qc2 Qe6 29. Bf3 Rf8 30. Qe2 Qf6 31. Nc2 Rf7 32. Nxd4 cxd4 33. e5 Qe6 34. Be4
Qxe5 35. Qd3 Bf5 36. Rbd1 c5 37. Rd2 Rdf8 38. b4 b6 39. f4 Bxe4+ 40. Rxe4 Qd6
41. bxc5 bxc5 42. Qe2 Rb8 43. Qc4 Rfb7 44. Re6 Qd7 45. Rde2 Rb2 46. Kf2 Qf7 47.
Qd5 Rxe2+ 48. Kxe2 Rb2+ 49. Ke1 Qc7 50. Qe4 Qa5+ 51. Kf1 Qb5+ 52. Kg1 Rb1+ 53.
Kh2 Rb2+ 54. Kg1 Rb1+ 55. Kh2 Qb2+ 56. Kh3 Qb5 57. Qe5+ Kf8 58. Rf6+ Kg8 59.
Rxg6+ Kf8 60. Rf6+ 1-0

[Event "SK Münster 2 - SG Ahaus-Wessum 1"]
[Site "Regionalliga Münsterland 2018"]
[Date "2018.09.29"]
[Round "2.6"]
[White "Wingenfeld, Klaus"]
[Black "Bauland, Thomas"]
[Result "0-1"]
[WhiteElo "1898"]
[BlackElo "1856"]
[PlyCount "52"]
[EventDate "2018.??.??"]
[SourceDate "2018.09.09"]

1. d4 d5 2. Nf3 Nf6 3. Bf4 e6 4. e3 Bd6 5. Nbd2 O-O 6. Bd3 b6 7. Bg3 Bb7 8. c3
Ne4 9. Qc2 f5 10. Ne5 Nd7 11. Ndf3 Qe7 12. Nxd7 Qxd7 13. Ne5 Qe7 14. f3 Nxg3
15. hxg3 Bxe5 16. dxe5 c5 17. f4 Rac8 18. Qe2 d4 19. e4 c4 20. Bxc4 Bxe4 21.
Bd3 Bxd3 22. Qxd3 dxc3 23. bxc3 Qa3 24. O-O Rfd8 25. Qb5 Qxc3 26. Rac1 Qe3+ 0-1

[Event "SK Münster 2 - SG Ahaus-Wessum 1"]
[Site "Regionalliga Münsterland 2018"]
[Date "2018.09.29"]
[Round "2.7"]
[White "Woltering, Martin"]
[Black "Meyer, Ulrich"]
[Result "0-1"]
[WhiteElo "1818"]
[BlackElo "1925"]
[PlyCount "90"]
[EventDate "2018.??.??"]
[SourceDate "2018.09.09"]

1. e4 c5 2. Nc3 Nc6 3. f4 e6 4. Nf3 d5 5. Bb5 Nge7 6. O-O Bd7 7. exd5 exd5 8.
d4 cxd4 9. Nxd4 Nxd4 10. Bxd7+ Qxd7 11. Qxd4 Nf5 12. Re1+ Be7 13. Qxd5 O-O-O
14. Qxd7+ Rxd7 15. Ne4 Nd4 16. Bd2 f5 17. Ng3 Nxc2 18. Rxe7 Rxe7 19. Rc1 Rc7
20. Nxf5 Rd8 21. Bc3 Nb4 22. Ne7+ Rxe7 23. Bxb4+ Rc7 24. Rxc7+ Kxc7 25. Bc3 g6
26. Kf2 Kc6 27. Kf3 Kd5 28. g4 Rf8 29. h4 Rf7 30. Be5 b5 31. Bc3 a6 32. Ke3
Re7+ 33. Kf3 Re4 34. h5 b4 35. hxg6 bxc3 36. gxh7 Re8 37. bxc3 Rh8 38. g5 Rxh7
39. Kg4 Rc7 40. Kf5 Rf7+ 41. Kg4 Ke4 42. g6 Rxf4+ 43. Kg5 Rf2 44. a3 Ke5 45. c4
Rg2+ 0-1

[Event "SK Münster 2 - SG Ahaus-Wessum 1"]
[Site "Regionalliga Münsterland 2018"]
[Date "2018.09.29"]
[Round "2.8"]
[White "Peters, Helmut"]
[Black "Terdues, Guido"]
[Result "1/2-1/2"]
[WhiteElo "1955"]
[BlackElo "1754"]
[PlyCount "84"]
[EventDate "2018.??.??"]
[SourceDate "2018.09.09"]

1. c4 f5 2. g3 Nf6 3. Nf3 g6 4. Bg2 Bg7 5. O-O O-O 6. Nc3 c6 7. d4 d5 8. b3 Re8
9. Qc2 Nbd7 10. cxd5 Nxd5 11. Nxd5 cxd5 12. Bf4 Nf6 13. Bc7 Qd7 14. Ne5 Qe6 15.
Nd3 b6 16. Be5 Qd7 17. Rfc1 Bb7 18. a4 Rec8 19. Qb2 e6 20. e3 Rxc1+ 21. Rxc1
Rc8 22. Bf1 Rxc1 23. Qxc1 Ne8 24. Bxg7 Kxg7 25. Ne5 Qc7 26. Qxc7+ Nxc7 27. b4
a6 28. f3 Bc8 29. b5 axb5 30. axb5 Na8 31. Kf2 Kf6 32. Bd3 Ke7 33. h4 Nc7 34.
g4 Bd7 35. Nxd7 Kxd7 36. Kg3 Ke7 37. Kf4 Kf6 38. g5+ Ke7 39. Ke5 Ne8 40. Be2
Nd6 41. Bd3 Nf7+ 42. Kf4 Nd6 1/2-1/2

[Event "SC Gronau 1 - SK Münster 3"]
[Site "Regionalliga Münsterland 2018"]
[Date "2018.09.29"]
[Round "2.1"]
[White "Quante, Lennart"]
[Black "Bündgen, Achim"]
[Result "1/2-1/2"]
[WhiteElo "2074"]
[BlackElo "2114"]
[PlyCount "89"]
[EventDate "2018.??.??"]
[SourceDate "2018.09.09"]

1. d4 Nf6 2. c4 c5 3. d5 e6 4. Nc3 exd5 5. cxd5 d6 6. Nf3 g6 7. Bf4 a6 8. a4
Bg7 9. h3 O-O 10. e3 Qe7 11. Be2 Ne8 12. O-O Nd7 13. Re1 Nc7 14. Bg3 f5 15. Nd2
Ne5 16. f4 Nf7 17. Bf3 Re8 18. Nc4 Rb8 19. e4 Bd4+ 20. Kh1 fxe4 21. Nxe4 Qd8
22. Qd2 Bf5 23. Re2 Bxe4 24. Bxe4 Qf6 25. Nb6 Rbd8 26. Rf1 Nh6 27. Rfe1 Nf5 28.
Bxf5 gxf5 29. b3 Qf7 30. Bh4 Rxe2 31. Rxe2 Re8 32. Qe1 Rxe2 33. Qxe2 Bf6 34.
Bxf6 Qxf6 35. Qd3 Ne8 36. Nc4 Ng7 37. Kg1 Kf8 38. Kf2 Ke8 39. Kf3 Kd7 40. Ne3
h5 41. g3 Kc7 42. Ke2 Qb2+ 43. Kf3 Qf6 44. Ke2 Qb2+ 45. Kf3 1/2-1/2

[Event "SC Gronau 1 - SK Münster 3"]
[Site "Regionalliga Münsterland 2018"]
[Date "2018.09.29"]
[Round "2.2"]
[White "Monsma, Menno"]
[Black "Borrink, Jörn"]
[Result "1/2-1/2"]
[WhiteElo "2096"]
[BlackElo "2119"]
[PlyCount "90"]
[EventDate "2018.??.??"]
[SourceDate "2018.09.09"]

1. c4 e6 2. Nc3 d5 3. d4 Nf6 4. cxd5 exd5 5. Bg5 Be7 6. Qc2 c6 7. e3 h6 8. Bh4
Ne4 9. Bxe7 Qxe7 10. Nxe4 dxe4 11. Ne2 Nd7 12. Rc1 O-O 13. Ng3 Re8 14. Be2 Nf6
15. O-O Bg4 16. Qc5 Bxe2 17. Qxe7 Rxe7 18. Nxe2 Nd5 19. a3 Rd8 20. Rc5 f6 21.
Rfc1 Kf7 22. Nc3 Nxc3 23. R1xc3 Ke6 24. Kf1 Rd5 25. Rxd5 Kxd5 26. Ke2 b6 27.
Rc1 f5 28. h4 g6 29. Kd2 Re6 30. g3 Rd6 31. b4 g5 32. h5 Rf6 33. Ke2 f4 34.
exf4 gxf4 35. g4 Rf8 36. f3 Re8 37. fxe4+ Rxe4+ 38. Kf3 Rxd4 39. Re1 c5 40. Re7
c4 41. Rd7+ Ke5 42. Rxd4 Kxd4 43. g5 Ke5 44. g6 Kf6 45. Kxf4 b5 1/2-1/2

[Event "SC Gronau 1 - SK Münster 3"]
[Site "Regionalliga Münsterland 2018"]
[Date "2018.09.29"]
[Round "2.3"]
[White "Kubo, Thomas"]
[Black "Ellenbroek, Ton"]
[Result "1/2-1/2"]
[WhiteElo "1990"]
[BlackElo "1973"]
[PlyCount "59"]
[EventDate "2018.??.??"]
[SourceDate "2018.09.09"]

1. Nf3 d6 2. d4 g6 3. g3 Bg7 4. Bg2 Nd7 5. O-O e5 6. c4 exd4 7. Nxd4 Ne7 8. Nc3
O-O 9. e4 Ne5 10. b3 N7c6 11. Nxc6 bxc6 12. Bb2 Rb8 13. Qe2 Re8 14. f4 Nd7 15.
Rad1 Qe7 16. Rfe1 Bb7 17. Qd2 Rbd8 18. Qf2 c5 19. Nb5 Bxb2 20. Qxb2 Nf8 21. e5
Bxg2 22. Kxg2 Ne6 23. exd6 cxd6 24. Qd2 a6 25. Nc3 Qb7+ 26. Qd5 Qxd5+ 27. Nxd5
Kg7 28. Kf2 a5 29. Nc3 Nd4 30. Nd5 1/2-1/2

[Event "SC Gronau 1 - SK Münster 3"]
[Site "Regionalliga Münsterland 2018"]
[Date "2018.09.29"]
[Round "2.4"]
[White "Lütkehermölle, Martin"]
[Black "Austrup, David"]
[Result "1-0"]
[WhiteElo "1968"]
[BlackElo "1952"]
[PlyCount "41"]
[EventDate "2018.??.??"]
[SourceDate "2018.09.09"]

1. e4 c5 2. c3 Nf6 3. e5 Nd5 4. d4 cxd4 5. Nf3 Nc6 6. cxd4 d6 7. Bc4 e6 8. O-O
Be7 9. exd6 Qxd6 10. Nc3 Nxc3 11. bxc3 O-O 12. Re1 b6 13. Qd3 Na5 14. Bb5 Bb7
15. Ne5 Qd5 16. f3 Rfd8 17. Ba4 Nc6 18. Bc2 g6 19. Ng4 Rac8 20. Bb3 Qf5 21.
Nh6+ 1-0

[Event "SC Gronau 1 - SK Münster 3"]
[Site "Regionalliga Münsterland 2018"]
[Date "2018.09.29"]
[Round "2.5"]
[White "Hartmann, Steffen"]
[Black "Storck, Martin"]
[Result "1-0"]
[WhiteElo "1923"]
[BlackElo "1957"]
[PlyCount "119"]
[EventDate "2018.??.??"]
[SourceDate "2018.09.09"]

1. e4 e5 2. Nf3 Nf6 3. Nc3 Nc6 4. Bc4 h6 5. O-O Bc5 6. a3 d6 7. h3 a5 8. d3 Nd4
9. Nxd4 Bxd4 10. Be3 Be6 11. Bxe6 fxe6 12. Bxd4 exd4 13. Ne2 e5 14. Ng3 Qd7 15.
c3 dxc3 16. bxc3 a4 17. d4 Qc6 18. Qd3 O-O 19. Rab1 Ra5 20. Rb4 b6 21. Rfb1
exd4 22. cxd4 Re8 23. f3 Qd7 24. Rb5 Rxb5 25. Qxb5 Qxb5 26. Rxb5 Nd7 27. Nf5
Kf8 28. d5 Rb8 29. Nd4 Nc5 30. Kf1 Kf7 31. Ke2 Kf6 32. Ke3 g6 33. Rb4 Rc8 34.
Nb5 Ke7 35. Nc3 Ra8 36. g3 g5 37. Nb5 Kd7 38. Nd4 Rb8 39. f4 Re8 40. Nf3 gxf4+
41. gxf4 c6 42. dxc6+ Kxc6 43. Nd4+ Kc7 44. Nb5+ Kc6 45. Nc3 Rg8 46. Kf3 Rg1
47. Nxa4 Nxa4 48. Rxa4 b5 49. Rd4 h5 50. f5 h4 51. Rd3 Kc5 52. Kf4 Kc4 53. Rf3
Kd4 54. f6 Rg6 55. Kf5 Rg3 56. Rf4 Rxa3 57. e5+ Kd5 58. e6 Re3 59. f7 Re5+ 60.
Kg4 1-0

[Event "SC Gronau 1 - SK Münster 3"]
[Site "Regionalliga Münsterland 2018"]
[Date "2018.09.29"]
[Round "2.6"]
[White "Langendijk, Andre"]
[Black "Kamp, Aaron"]
[Result "0-1"]
[WhiteElo "1929"]
[BlackElo "1768"]
[PlyCount "60"]
[EventDate "2018.??.??"]
[SourceDate "2018.09.09"]

1. d4 Nf6 2. Bg5 d5 3. e3 Ne4 4. Bh4 g6 5. Nd2 Bg7 6. Nxe4 dxe4 7. Bc4 O-O 8.
Ne2 Nc6 9. Nc3 Bf5 10. g4 Be6 11. Bxe6 fxe6 12. O-O h6 13. Nxe4 Qd5 14. f3 e5
15. Nc3 Qd6 16. d5 Nb4 17. a3 Na6 18. Ne4 Qb6 19. Qd3 g5 20. Be1 Rad8 21. Qc4
Qxe3+ 22. Kg2 Kh8 23. Bb4 Nxb4 24. axb4 Rf4 25. Qc5 Rxg4+ 26. fxg4 Qxe4+ 27.
Kg3 h5 28. gxh5 Rxd5 29. Qf2 Rd4 30. Rxa7 Qg4# 0-1

[Event "SC Gronau 1 - SK Münster 3"]
[Site "Regionalliga Münsterland 2018"]
[Date "2018.09.29"]
[Round "2.7"]
[White "Schulz, Stefan"]
[Black "Hoge, Torsten"]
[Result "0-1"]
[WhiteElo "1897"]
[BlackElo "1922"]
[PlyCount "106"]
[EventDate "2018.??.??"]
[SourceDate "2018.09.09"]

1. d4 e6 2. Nf3 Nf6 3. g3 b6 4. Bg2 Bb7 5. O-O Be7 6. c4 O-O 7. Nc3 Ne4 8. Qc2
f5 9. Rd1 Bf6 10. Ne5 Nd6 11. Bxb7 Nxb7 12. b3 c5 13. Nf3 Nc6 14. dxc5 Nxc5 15.
Ba3 a5 16. Rac1 Nb4 17. Bxb4 axb4 18. Nb5 Ra5 19. Nfd4 Qa8 20. Nc7 Qb7 21. Ncb5
Qe4 22. Qd2 Bxd4 23. Nxd4 e5 24. Nb5 f4 25. f3 Qe3+ 26. Kg2 e4 27. Qd5+ Kh8 28.
Rc2 fxg3 29. hxg3 Nd3 30. Rxd3 exd3 31. exd3 Qe6 32. Nc7 Qc6 33. Qxc6 dxc6 34.
d4 Ra7 35. Ne6 Rfa8 36. Kf2 Rxa2 37. Re2 R8a3 38. d5 Rxe2+ 39. Kxe2 cxd5 40.
cxd5 Ra5 41. Nc7 Kg8 42. Kd3 Kf7 43. d6 h5 44. Kc4 g5 45. Nd5 Rc5+ 46. Kd4 Ke6
47. Nxb6 Kxd6 48. Nc4+ Rxc4+ 49. bxc4 h4 50. gxh4 gxh4 51. f4 h3 52. f5 h2 53.
c5+ Kc6 0-1

[Event "SC Gronau 1 - SK Münster 3"]
[Site "Regionalliga Münsterland 2018"]
[Date "2018.09.29"]
[Round "2.8"]
[White "Reckzügel, Philipp"]
[Black "Baumann, Eva"]
[Result "1/2-1/2"]
[WhiteElo "1941"]
[BlackElo "1742"]
[PlyCount "34"]
[EventDate "2018.??.??"]
[SourceDate "2018.09.09"]

1. d4 d5 2. c4 e6 3. e3 Nf6 4. Nf3 c5 5. Nc3 Nc6 6. Be2 Be7 7. O-O O-O 8. b3 b6
9. Bb2 cxd4 10. Nxd4 Nxd4 11. Qxd4 Bc5 12. Qh4 Bb7 13. Rfd1 Qe7 14. cxd5 Nxd5
15. Qxe7 Bxe7 16. Nxd5 Bxd5 17. Rac1 Rac8 1/2-1/2

[Event "SF Olfen 1 - SC Steinfurt 1"]
[Site "Regionalliga Münsterland 2018"]
[Date "2018.09.29"]
[Round "2.1"]
[White "Haselhorst, Helmut"]
[Black "Koke, Christoph"]
[Result "1/2-1/2"]
[WhiteElo "2083"]
[BlackElo "2078"]
[PlyCount "80"]
[EventDate "2018.??.??"]
[SourceDate "2018.09.09"]

1. e4 c6 2. d4 d5 3. exd5 cxd5 4. c4 Nf6 5. Nc3 Nc6 6. Bg5 dxc4 7. Bxc4 e6 8.
Nf3 Be7 9. O-O O-O 10. a3 Nd5 11. Bc1 Nxc3 12. bxc3 Qc7 13. Bd3 e5 14. Qc2 h6
15. Nxe5 Nxe5 16. dxe5 Qxe5 17. Bb2 Bf6 18. Rae1 Qd6 19. Re3 Bg5 20. Bh7+ Kh8
21. Rd3 Qc5 22. Be4 Be6 23. Rfd1 Rab8 24. c4 Qxc4 25. Qxc4 Bxc4 26. Rd7 Be6 27.
Be5 Bxd7 28. Bxb8 Bg4 29. f3 Be3+ 30. Kf1 Bxf3 31. Bxf3 Rxb8 32. Rd7 b5 33.
Rxf7 Bc5 34. Rc7 Bxa3 35. Rxa7 Bd6 36. h3 b4 37. Ra8 Rxa8 38. Bxa8 b3 39. Ke2
b2 40. Be4 Kg8 1/2-1/2

[Event "SF Olfen 1 - SC Steinfurt 1"]
[Site "Regionalliga Münsterland 2018"]
[Date "2018.09.29"]
[Round "2.2"]
[White "Bösel, Alexander"]
[Black "Rieke, Theo"]
[Result "1/2-1/2"]
[WhiteElo "2031"]
[BlackElo "1936"]
[PlyCount "123"]
[EventDate "2018.??.??"]
[SourceDate "2018.09.09"]

1. e4 c5 2. Nf3 e6 3. b3 Nc6 4. Bb2 d6 5. d4 cxd4 6. Nxd4 Nf6 7. Nxc6 bxc6 8.
e5 dxe5 9. Qxd8+ Kxd8 10. Bxe5 Nd5 11. c4 Nb4 12. Na3 f6 13. O-O-O+ Bd7 14. Bd6
Bxd6 15. Rxd6 Kc7 16. Rd2 a5 17. Nb1 c5 18. Nc3 Bc6 19. a3 Na6 20. Nb5+ Kb6 21.
Rd6 Rad8 22. Rxe6 Rhe8 23. Rxe8 Bxe8 24. Be2 Bxb5 25. cxb5 Nc7 26. a4 Rd4 27.
Rd1 Nd5 28. Bf3 Nc3 29. Rd2 f5 30. Rc2 Ne4 31. Bxe4 fxe4 32. Rd2 Rb4 33. Rd6+
Kb7 34. Re6 g6 35. Kd2 Rxb3 36. Rxe4 Rb2+ 37. Ke3 Ra2 38. h4 Kc7 39. g4 Kd6 40.
f3 Ra3+ 41. Ke2 h6 42. h5 gxh5 43. gxh5 Ra2+ 44. Kd3 Ra3+ 45. Ke2 Ra2+ 46. Ke3
Rh2 47. Rg4 Rxh5 48. Rg6+ Kd5 49. b6 Rh1 50. Kd3 Rh4 51. b7 Rb4 52. Rxh6 Rxb7
53. Ra6 Rb3+ 54. Ke2 c4 55. Rxa5+ Kd4 56. Kd2 Rxf3 57. Ra8 Rf2+ 58. Kc1 Kd3 59.
Rc8 Ra2 60. Rh8 Rxa4 61. Rh3+ Kd4 62. Rg3 1/2-1/2

[Event "SF Olfen 1 - SC Steinfurt 1"]
[Site "Regionalliga Münsterland 2018"]
[Date "2018.09.29"]
[Round "2.3"]
[White "Grälken, Matthias"]
[Black "Grawunder, Jürgen"]
[Result "1-0"]
[WhiteElo "2023"]
[BlackElo "1928"]
[PlyCount "69"]
[EventDate "2018.??.??"]
[SourceDate "2018.09.09"]

1. g3 Nf6 2. Bg2 e5 3. c4 d6 4. Nc3 Nbd7 5. e4 c6 6. Nge2 Be7 7. O-O O-O 8. d3
a5 9. h3 Rb8 10. Be3 b6 11. f4 Ne8 12. Qd2 f6 13. f5 g5 14. g4 Ng7 15. Ng3 Ba6
16. Kf2 Kf7 17. Rh1 Rh8 18. h4 h6 19. Rh2 Qc7 20. Rah1 Rhg8 21. hxg5 hxg5 22.
Rh7 Rbe8 23. Nh5 Qd8 24. Ne2 b5 25. b3 Bb7 26. Neg3 b4 27. Nxg7 Rxg7 28. R7h6
Nf8 29. Qc1 Nd7 30. Nh5 Rgg8 31. Rh7+ Kf8 32. Ke2 c5 33. Qg1 a4 34. Qh2 axb3
35. Ng3 1-0

[Event "SF Olfen 1 - SC Steinfurt 1"]
[Site "Regionalliga Münsterland 2018"]
[Date "2018.09.29"]
[Round "2.4"]
[White "Pinno, Gregor"]
[Black "Arning, Marcus"]
[Result "1-0"]
[WhiteElo "1813"]
[BlackElo "1910"]
[PlyCount "137"]
[EventDate "2018.??.??"]
[SourceDate "2018.09.09"]

1. Nf3 d5 2. g3 Nd7 3. Bg2 e5 4. d3 Ngf6 5. Nbd2 Bd6 6. O-O O-O 7. e4 dxe4 8.
dxe4 Nc5 9. Qe2 b6 10. Rd1 Bb7 11. Nh4 Ne6 12. c3 a5 13. Nf5 Ba6 14. Nc4 Qd7
15. b3 Rfd8 16. Qf3 Bxc4 17. bxc4 Nf8 18. Bg5 Qe6 19. Bh3 Qxc4 20. Nh6+ gxh6
21. Bxf6 Re8 22. Bd7 Reb8 23. Qg4+ Ng6 24. Rxd6 cxd6 25. Qh5 Nf4 26. gxf4 Qxe4
27. Qg4+ Qg6 28. Qxg6+ hxg6 29. fxe5 dxe5 30. Bxe5 Rd8 31. Bb5 Rac8 32. a4 g5
33. Kg2 f5 34. Bd4 Rd6 35. Re1 Kf7 36. Re5 f4 37. Kf3 Kg6 38. Re7 Kh5 39. Be8+
Kh4 40. Bb5 Rf8 41. Bg7 Rf5 42. Ke4 Rc5 43. Bd4 Rc8 44. Ke5 Rcd8 45. Rb7 Kh3
46. Bxb6 Rd5+ 47. Ke4 Kxh2 48. Bxd8 Rxd8 49. Rh7 Kg2 50. f3 Rd1 51. Rxh6 Re1+
52. Kf5 Kxf3 53. Kxg5 Re5+ 54. Kh4 Ke3 55. Rf6 f3 56. Kg4 f2 57. Rf3+ Kd2 58.
Rxf2+ Kxc3 59. Rf5 Re4+ 60. Rf4 Re5 61. Kf3 Re1 62. Re4 Rh1 63. Kf4 Rh5 64. Re5
Rh4+ 65. Kf5 Kb3 66. Re4 Rh8 67. Ke5 Rh5+ 68. Kd6 Rh6+ 69. Kc5 1-0